Old and new lights on Columbus : (Record no. 33129)
[ view plain ]
| 000 -CABECERA | |
|---|---|
| campo de control de longitud fija | 00549nam a2200169 a 4500 |
| 001 - NÚMERO DE CONTROL | |
| campo de control | 000033638 |
| 005 - FECHA Y HORA DE LA ÚLTIMA TRANSACCIÓN | |
| campo de control | 20200930070414.0 |
| 008 - DATOS DE LONGITUD FIJA--INFORMACIÓN GENERAL | |
| campo de control de longitud fija | 110902s1893 xxu 000 0 spa d |
| 040 ## - FUENTE DE LA CATALOGACIÓN | |
| Centro catalogador/agencia de origen | DO-SdBNP |
| Lengua de catalogación | spa |
| Centro/agencia transcriptor | BNPHU |
| 041 17 - CÓDIGO DE LENGUA | |
| Código de lengua del texto/banda sonora o título independiente | eng |
| 049 ## - FONDOS LOCALES (OCLC) | |
| Fondos de biblioteca | BNPD |
| 100 1# - ENTRADA PRINCIPAL--NOMBRE DE PERSONA | |
| Nombre de persona | Clarke, Richard H. |
| Fechas asociadas al nombre | 1827-1911 |
| Forma completa/desarrollada del nombre | (Richard Henry) |
| 9 (RLIN) | 59112 |
| 245 10 - MENCIÓN DE TÍTULO | |
| Título | Old and new lights on Columbus : |
| Resto del título | with observations on controverted/ points and criticisms / |
| Mención de responsabilidad, etc. | Richard H. Clarke. |
| 260 ## - PUBLICACIÓN, DISTRIBUCIÓN, ETC. | |
| Lugar de publicación, distribución, etc. | New York : |
| Nombre del editor, distribuidor, etc. | R.H. Clarke, |
| Fecha de publicación, distribución, etc. | 1893. |
| 300 ## - DESCRIPCIÓN FÍSICA | |
| Extensión | 600 p. ; |
| Dimensiones | 26 cm. |
| 500 ## - NOTA GENERAL | |
| Nota general | Incluye índice |
| Estado de retiro | Estado de pérdida | Restricciones de uso | No para préstamo | Código de colección | Localización permanente | Ubicación/localización actual | Ubicación en estantería | Fecha de adquisición | Número de inventario | Total de préstamos | Signatura topográfica completa | Código de barras | Fecha visto por última vez | Precio válido a partir de | Tipo de ítem Koha |
|---|---|---|---|---|---|---|---|---|---|---|---|---|---|---|---|
| Excluido de préstamo | Raros y valiosos | General | General | En catalogación | 02.09.2011 | LF1 | 33638-10 | 25.06.2020 | 25.06.2020 | No se presta |
